Structural health monitoring / (Record no. 16307)
[ view plain ]
| 000 -LEADER | |
|---|---|
| fixed length control field | 01829cam a22003494a 4500 |
| 005 - DATE AND TIME OF LATEST TRANSACTION | |
| control field | 2011120707437.0 |
| 008 - FIXED-LENGTH DATA ELEMENTS--GENERAL INFORMATION | |
| fixed length control field | 051121s2006 caua | b 001 0 eng |
| 020 ## - INTERNATIONAL STANDARD BOOK NUMBER | |
| International Standard Book Number | 1905209010 |
| 020 ## - INTERNATIONAL STANDARD BOOK NUMBER | |
| International Standard Book Number | 9781905209019 |
| 040 ## - CATALOGING SOURCE | |
| Original cataloging agency | DLC |
| Transcribing agency | DLC |
| Modifying agency | BAKER |
| -- | OCLCQ |
| -- | DLC |
| 050 00 - LIBRARY OF CONGRESS CALL NUMBER | |
| Classification number | TA645 |
| Item number | .S754 2006 |
| 082 00 - DEWEY DECIMAL CLASSIFICATION NUMBER | |
| Classification number | 624.171 |
| Edition number | 22 |
| Item number | STR |
| 245 00 - TITLE STATEMENT | |
| Title | Structural health monitoring / |
| Statement of responsibility, etc | edited by Daniel Balageas, Claus-Peter Fritzen and Alfredo Guemes. |
| 260 ## - PUBLICATION, DISTRIBUTION, ETC. (IMPRINT) | |
| Place of publication, distribution, etc | London ; |
| -- | Newport Beach, CA : |
| Name of publisher, distributor, etc | ISTE, |
| Date of publication, distribution, etc | 2006. |
| 300 ## - PHYSICAL DESCRIPTION | |
| Extent | 495 p. : |
| Other physical details | ill. ; |
| Dimensions | 25 cm. |
| 504 ## - BIBLIOGRAPHY, ETC. NOTE | |
| Bibliography, etc | Includes bibliographical references and index. |
| 650 #0 - SUBJECT ADDED ENTRY--TOPICAL TERM | |
| Topical term or geographic name as entry element | Structural health monitoring. |
| 9 (RLIN) | 28045 |
| 650 #0 - SUBJECT ADDED ENTRY--TOPICAL TERM | |
| Topical term or geographic name as entry element | Structural analysis (Engineering) |
| 9 (RLIN) | 28046 |
| 650 #0 - SUBJECT ADDED ENTRY--TOPICAL TERM | |
| Topical term or geographic name as entry element | Automatic data collection systems. |
| 9 (RLIN) | 28047 |
| 650 #0 - SUBJECT ADDED ENTRY--TOPICAL TERM | |
| Topical term or geographic name as entry element | Detectors. |
| 9 (RLIN) | 28048 |
| 653 ## - INDEX TERM--UNCONTROLLED | |
| Resource For college | |
| Arrived date list | December2011 |
| 700 1# - ADDED ENTRY--PERSONAL NAME | |
| Personal name | Balageas, Daniel. |
| 9 (RLIN) | 28049 |
| 700 1# - ADDED ENTRY--PERSONAL NAME | |
| Personal name | Fritzen, Claus-Peter. |
| 9 (RLIN) | 28050 |
| 700 1# - ADDED ENTRY--PERSONAL NAME | |
| Personal name | Guemes, Alfredo. |
| 9 (RLIN) | 28051 |
| 856 41 - ELECTRONIC LOCATION AND ACCESS | |
| Materials specified | Table of contents only |
| Uniform Resource Identifier | <a href="http://www.loc.gov/catdir/toc/ecip064/2005034291.html">http://www.loc.gov/catdir/toc/ecip064/2005034291.html</a> |
| 856 42 - ELECTRONIC LOCATION AND ACCESS | |
| Materials specified | Publisher description |
| Uniform Resource Identifier | <a href="http://www.loc.gov/catdir/enhancements/fy0664/2005034291-d.html">http://www.loc.gov/catdir/enhancements/fy0664/2005034291-d.html</a> |
| 856 42 - ELECTRONIC LOCATION AND ACCESS | |
| Materials specified | Contributor biographical information |
| Uniform Resource Identifier | <a href="http://www.loc.gov/catdir/enhancements/fy0701/2005034291-b.html">http://www.loc.gov/catdir/enhancements/fy0701/2005034291-b.html</a> |
| 942 ## - ADDED ENTRY ELEMENTS (KOHA) | |
| Source of classification or shelving scheme | Dewey Decimal Classification |
| Item type | Book - Borrowing |
| Withdrawn status | Item status | Source of classification or shelving scheme | Damaged status | Not for loan | Vendor | Home library | Current library | Shelving location | Date acquired | Source of acquisition | Cost, normal purchase price | Serial Enumeration / chronology | Total Checkouts | Total Renewals | Full call number | Barcode | Date last seen | Date last borrowed | Koha item type |
|---|---|---|---|---|---|---|---|---|---|---|---|---|---|---|---|---|---|---|---|
| Dewey Decimal Classification | Baccah | Central Library | Central Library | First floor | 07/12/2011 | 1120.00 | 13642 | 2 | 1 | 624.171 STR | 000025795 | 15/07/2025 | 01/06/2014 | Book - Borrowing | |||||
| Dewey Decimal Classification | Baccah | Central Library | Central Library | First floor | 07/12/2011 | 1120.00 | 13642 | 4 | 7 | 624.171 STR | 000025796 | 15/07/2025 | 03/08/2015 | Book - Borrowing |